000 01208nam a2200289 a 4500
001 BRCA_7249
005 20190320205753.0
008 031212s2012----u--a######---#000-0#eng-#
020 _a9781606061183
041 _aeng
044 _au
050 4 _aNX456
_b.L43 2012
100 1 _aLeddy, Annette
_917956
245 1 0 _aFarewell to surrealism
_bthe Dyn circle in Mexico
_cAnnette Leddy and Donna Conwell ; introduction by Dawn Ades.
260 _aLos Angeles
_bGetty Research Institute
_c2012
300 _a71 p.
_bil. (algunas a color)
_c28 cm.
500 _aCatálogo de la exposición Farewell to Surrealism: The Dyn Circle in Mexico, realizada en the Getty Research Institute, 2 octubre, 2012 - 17 febrero, 2013
504 _aIncluye referencias bibliográficas e índice
600 1 4 _aPaalen, Wolfgang
_d1905-1959
_vExposiciones
_xAmigos y asociados
_917957
630 0 4 _aDyn (Coyoacán, México)
_vExposiciones
_917958
650 1 4 _aArte moderno
_vExposiciones
_ySiglo XX
_917959
650 1 4 _aMovimientos artísticos
_vExposiciones
_xHistoria
_ySiglo XX
_917960
700 1 _aConwell, Donna
_ecoaut.
_917961
700 1 _aAdes, Dawn
_94902
710 2 _aGetty Research Institute
_917497
942 _2lcc
_cB
999 _c6930
_d6930